Christians and Muslims (Record no. 18695)

MARC details
000 -LEADER
fixed length control field 00642nam a2200241 a 4500
020 ## - INTERNATIONAL STANDARD BOOK NUMBER
ISBN
082 00 - DEWEY DECIMAL CLASSIFICATION NUMBER
Classification number 291
Author Cutter RID
100 ## - MAIN ENTRY--AUTHOR NAME
Author name Riddell, Peter G
245 ## - TITLE STATEMENT
Title Christians and Muslims
Sub title Pressures and Potential in a Post 9/11 World
260 ## - PUBLICATION, DISTRIBUTION, ETC. (IMPRINT)
Place of publication London
Name of publisher Inter-Varsity Press
Year of publication 2004
300 ## - PHYSICAL DESCRIPTION
Number of Pages 254p
500 ## - GENERAL NOTE
General note includes index and biblioraphy
505 2# - FORMATTED CONTENTS NOTE
Formatted contents note notes, biblio, index
650 ## - SUBJECT ADDED ENTRY--TOPICAL TERM
Topical Term Christianity and Islam
942 ## - ADDED ENTRY ELEMENTS (KOHA)
Koha item type Books
700 1# -
-- Riddell, Peter G
Holdings
Collection code Home library Current library Date acquired Cost, normal purchase price Full call number Accession Number Koha item type
  Henry Martyn Institute Library Henry Martyn Institute Library 08/20/2009 1131.00 291 RID 11002084 Books
                   Copyright © 2026 | Henry Martyn Institute | Hyderabad | TS-500052 | INDIA | Implemented by hmi.edu.in
Hit-Count:

Powered by Koha